Countries that stayed neutral in WWII - Statistics

General Stats
  • This quiz has been taken 3,831 times
    2,844 since last reset
  • The average score is 8 of 16
Answer Stats
Continent Reason Country % Correct
Europe Maintains long tradition of neutrality. Most warring powers had extensive banking interests there and didn't want to invade. Switzerland
94%
Europe Technically supported Finland against the Soviets, but remained out of the war. Also helped many Jews escape from Germany. Sweden
90%
Europe Under a fascist regime, but disinterested in the war. Some soldiers formed independent brigades to assist the axis. Spain
85%
Europe Traded with both sides despite a six-hundred year old alliance with Britain. Portugal
83%
Europe Had no interest in siding with the nazis or with their former enemies, the British. Ireland
63%
Europe Waited out the war with Switzerland. Liechtenstein
63%
Europe Relies on its neighbors for protection (one of which was overrun, the other neutral). Andorra
60%
Europe Had no standing army and remained neutral despite Hitler's apparent attempts to assassinate the leader. Vatican City
51%
Africa Was a colony of a neutral nation at the time. Angola
43%
Africa Was a colony of neutral nation at the time. Mozambique
40%
Asia Government was friendly towards Germany, but was surrounded by British and Soviet spheres of influence. Afghanistan
39%
Africa Was a colony of neutral nation at the time. Equatorial Guinea
35%
Africa Was a colony of neutral nation at the time. Guinea-Bissau
25%
Africa Was a colony of neutral nation at the time. Sao Tome
22%
Africa Was a colony of neutral nation at the time. Cape Verde
19%
Asia Remained neutral throughout the war due to its unimportance. Yemen
14%
No matching quizzes found
Score Distribution
Percent of People with Each Score
Percentile by Number Answered
Your Score History
You have not taken this quiz since the last reset